SINDICATO Y COMUNIDAD: DOS TIPOS DE ESTRUCTURA SINDICAL LATINOAMERICANA/
Shranjeno v:
| Drugi avtorji: | |
|---|---|
| Format: | Knjiga |
| Teme: | |
| Oznake: |
Brez oznak, prvi označite!
|
MARC
| LEADER | 00000nam^a2200000^a^4500 | ||
|---|---|---|---|
| 001 | 000224460 | ||
| 005 | 20250521000000.0 | ||
| 009 | 20260310104051.963 | ||
| 035 | |a 043215 | ||
| 037 | |a Acervo Xavier Clavigero | ||
| 082 | |a 331. 880983 |b SIN | ||
| 245 | 1 | 0 | |a SINDICATO Y COMUNIDAD: |b DOS TIPOS DE ESTRUCTURA SINDICAL LATINOAMERICANA/ |c TORCUATO S. DI TELLA ...[ ET. AL.] |
| 264 | |a BUENOS AIRES : |b INSTITUTO, |c 1967 | ||
| 300 | |a 389p. : |b tbs. | ||
| 336 | |a texto |b txt |2 rdacontenido | ||
| 337 | |a sin mediación |b n |2 rdamedio | ||
| 338 | |a volumen |b nc |2 rdasoporte | ||
| 649 | |a XX | ||
| 650 | |a SINDICATOS - |x CHILE | ||
| 650 | |a TRABAJO Y TRABAJADORES - |x CHILE | ||
| 700 | |a Tella, Torcuato S. Di |e (autor) | ||
| 910 | |a Fondo General | ||
| 920 | |a Impresos - Libros | ||
| 930 | |a Colección General | ||
| 905 | |a 101 | ||
| 901 | |a 043215 |b IT1 |c ACC |i 043215 |u 20250521 | ||
| 902 | |a https://opac.biblio.iteso.mx/vufind/Record/000224460 | ||